[Event "Florianopolis Winter op 8th"]
[Site "Florianopolis"]
[Date "2024.07.12"]
[Round "6"]
[White "Koinski, Carlos Cesar"]
[Black "Melo, Sergio Roberto Samp"]
[Result "1/2-1/2"]
[WhiteElo "1583"]
[BlackElo "1741"]
[PlyCount "90"]
[EventDate "2024.07.09"]
[EventType "swiss"]
[EventRounds "9"]
[EventCountry "BRA"]
[SourceTitle "CBM 221 Extra"]
[Source "ChessBase"]
[SourceDate "2024.09.30"]
[SourceVersion "1"]
[SourceVersionDate "2024.09.30"]
[SourceQuality "1"]

1. Nf3 Nf6 2. c4 e6 3. d4 Bb4+ 4. Bd2 Qe7 5. a3 Bxd2+ 6. Nbxd2 0-0 7. e4 d6 8. Be2 Nbd7 9. 0-0 e5 10. dxe5 dxe5 11. Qc2 Nc5 12. b4 Ne6 13. Qc3 Nf4 14. Bd1 Ng6 15. h3 b6 16. Rc1 Bb7 17. Re1 Rad8 18. Bc2 Rfe8 19. Bb1 c5 20. Rcd1 Qc7 21. b5 a6 22. a4 axb5 23. axb5 Rd7 24. Bc2 Red8 25. Kf1 h6 26. Kg1 Nh7 27. Kf1 Nhf8 28. h4 f6 29. h5 Nf4 30. g4 N8e6 31. Nh4 Nd4 32. Ng2 Nde6 33. Ne3 Nd4 34. Nd5 Bxd5 35. exd5 Nxc2 36. Qxc2 Ra8 37. Ra1 Rdd8 38. Qc3 Qb7 39. Ne4 Kh8 40. Rxa8 Rxa8 41. Ra1 Qb8 42. Ra3 Nh3 43. Qa1 Rxa3 44. Qxa3 Ng5 45. Ng3 e4 1/2-1/2

[Event "Florianopolis Winter op 8th"]
[Site "Florianopolis"]
[Date "2024.07.12"]
[Round "5"]
[White "Melo, Sergio Roberto Samp"]
[Black "Bueno, Marcos Antonio Ferr"]
[Result "1-0"]
[WhiteElo "1741"]
[BlackElo "1783"]
[PlyCount "81"]
[EventDate "2024.07.09"]
[EventType "swiss"]
[EventRounds "9"]
[EventCountry "BRA"]
[SourceTitle "CBM 221 Extra"]
[Source "ChessBase"]
[SourceDate "2024.09.30"]
[SourceVersion "1"]
[SourceVersionDate "2024.09.30"]
[SourceQuality "1"]

1. Nf3 d5 2. b3 c5 3. Bb2 Nf6 4. e3 Nc6 5. c4 e6 6. cxd5 exd5 7. d4 Be6 8. Be2 Be7 9. 0-0 0-0 10. Nc3 Qc7 11. Rc1 b6 12. dxc5 bxc5 13. Na4 Nd8 14. Ba3 Qa5 15. Bxc5 Bxc5 16. Rxc5 Qb4 17. Nd4 Bd7 18. Rc1 Ne6 19. Nf3 Qe4 20. Nc3 Qf5 21. Nd4 Nxd4 22. Qxd4 Rfd8 23. Bf3 Bc6 24. Rfd1 a6 25. Ne2 Rac8 26. Ng3 Qg6 27. Qb6 Nd7 28. Qxa6 Nb8 29. Qa5 Qg5 30. h3 Rd6 31. Bg4 Rcd8 32. Nf5 Rg6 33. Qc7 Re8 34. Nd6 Rf8 35. Nf5 Re8 36. Nd4 h5 37. Bf3 h4 38. Nxc6 Nxc6 39. Rxc6 f6 40. Rxd5 Qh6 41. Rd8 1-0

[Event "Florianopolis Winter op 8th"]
[Site "Florianopolis"]
[Date "2024.07.11"]
[Round "4"]
[White "De Andrade, Arthur Batuli"]
[Black "Melo, Sergio Roberto Samp"]
[Result "1-0"]
[WhiteElo "1682"]
[BlackElo "1741"]
[PlyCount "71"]
[EventDate "2024.07.09"]
[EventType "swiss"]
[EventRounds "9"]
[EventCountry "BRA"]
[SourceTitle "CBM 221 Extra"]
[Source "ChessBase"]
[SourceDate "2024.09.30"]
[SourceVersion "1"]
[SourceVersionDate "2024.09.30"]
[SourceQuality "1"]

1. e4 e6 2. d3 c5 3. Nf3 Nc6 4. Nbd2 Be7 5. g3 d5 6. Bg2 Nf6 7. 0-0 0-0 8. e5 Nd7 9. Re1 Qc7 10. Qe2 Nb4 11. Nf1 b6 12. h4 Bb7 13. c3 Nc6 14. N1h2 Nd8 15. Bf4 b5 16. Qd2 Nb6 17. Bg5 a5 18. h5 f6 19. exf6 gxf6 20. Bh6 Rf7 21. g4 Bf8 22. Bxf8 Rxf8 23. g5 Kh8 24. gxf6 Rxf6 25. Qg5 Rf5 26. Qh6 Qg7 27. Qxg7+ Kxg7 28. Bh3 Rf6 29. Ng5 h6 30. Nxe6+ Nxe6 31. Rxe6 Rxe6 32. Bxe6 Re8 33. Re1 Kf6 34. Ng4+ Kg5 35. Re5+ Kh4 36. Ne3 1-0

[Event "Florianopolis Winter op 8th"]
[Site "Florianopolis"]
[Date "2024.07.10"]
[Round "2"]
[White "Seara, Sophia Parisotto"]
[Black "Melo, Sergio Roberto Samp"]
[Result "0-1"]
[WhiteElo "1491"]
[BlackElo "1741"]
[PlyCount "64"]
[EventDate "2024.07.09"]
[EventType "swiss"]
[EventRounds "9"]
[EventCountry "BRA"]
[SourceTitle "CBM 221 Extra"]
[Source "ChessBase"]
[SourceDate "2024.09.30"]
[SourceVersion "1"]
[SourceVersionDate "2024.09.30"]
[SourceQuality "1"]

1. d4 Nf6 2. c4 e5 3. d5 Bc5 4. Nc3 d6 5. h3 a5 6. e4 Na6 7. Nf3 Bd7 8. Be2 Bb4 9. Bd3 Nc5 10. Qc2 h6 11. Bd2 0-0 12. 0-0 c6 13. Rfe1 cxd5 14. cxd5 Rc8 15. a3 Bxc3 16. Bxc3 Na4 17. Qd2 Nxc3 18. bxc3 Nh5 19. Bf1 f5 20. Rab1 fxe4 21. Rxe4 Bf5 22. Rh4 Bxb1 23. Rg4 Qf6 24. Qb2 Bf5 25. Rh4 e4 26. Rxh5 exf3 27. g3 Bg6 28. Rh4 Qe7 29. Qd2 Rc5 30. c4 Qe5 31. Rg4 Kh7 32. Qd1 b5 0-1

[Event "Florianopolis op"]
[Site "Florianopolis"]
[Date "2024.05.18"]
[Round "4"]
[White "Da Silva, Cesar Andre"]
[Black "Melo, Sergio Roberto Samp"]
[Result "0-1"]
[WhiteElo "1804"]
[BlackElo "1733"]
[PlyCount "61"]
[EventDate "2024.05.16"]
[EventType "swiss"]
[EventRounds "6"]
[EventCountry "BRA"]
[SourceTitle "EXT 2025"]
[Source "ChessBase"]
[SourceDate "2024.10.14"]
[SourceVersion "1"]
[SourceVersionDate "2024.10.14"]
[SourceQuality "1"]

1. e4 e6 2. d4 d5 3. Nd2 a6 4. a3 c5 5. c3 Nc6 6. exd5 Qxd5 7. Ndf3 cxd4 8. cxd4 Nf6 9. Be3 Be7 10. Bd3 0-0 11. Ne2 Qd8 12. 0-0 Nd5 13. Bd2 Bf6 14. Qc2 g6 15. Rfe1 Bd7 16. Qc1 Rc8 17. Qd1 b5 18. Be3 Qb6 19. Qd2 Na5 20. Bc2 Nc4 21. Qd3 Nxb2 22. Qe4 Nxe3 23. fxe3 Bc6 24. Qf4 Bxf3 25. Qxf6 Rxc2 26. gxf3 Nd3 27. Red1 Rxe2 28. Rxd3 Qc7 29. Qf4 Qc2 30. Qh4 Qxd3 31. Re1 0-1

[Event "Criciuma op-B"]
[Site "Criciuma"]
[Date "2024.01.13"]
[Round "3"]
[White "Melo, Sergio Roberto Samp"]
[Black "Bonfim, Regina Rodrigues"]
[Result "1/2-1/2"]
[WhiteElo "1541"]
[BlackElo "1683"]
[PlyCount "121"]
[EventDate "2024.01.12"]
[EventType "swiss"]
[EventRounds "9"]
[EventCountry "BRA"]
[SourceTitle "CBM 218 Extra"]
[Source "ChessBase"]
[SourceDate "2024.03.31"]
[SourceVersion "1"]
[SourceVersionDate "2024.03.31"]
[SourceQuality "1"]

1. Nf3 Nf6 2. b3 d5 3. Bb2 e6 4. c4 c5 5. cxd5 exd5 6. d4 Nc6 7. e3 Bg4 8. Be2 Be7 9. 0-0 0-0 10. Nc3 b6 11. Rc1 Ne4 12. dxc5 Nxc3 13. Bxc3 bxc5 14. Ne5 Bxe2 15. Qxe2 Nxe5 16. Bxe5 Qd7 17. Bb2 Rfd8 18. Rfd1 Qf5 19. Rd2 h5 20. Rcd1 h4 21. h3 Rac8 22. Qg4 Qxg4 23. hxg4 c4 24. Rxd5 Rxd5 25. Rxd5 c3 26. Bc1 g6 27. Kf1 Rc6 28. Ra5 a6 29. Rd5 f6 30. Ke2 Kf7 31. Rd4 f5 32. gxf5 gxf5 33. Rc4 Rg6 34. Kf3 Bf6 35. e4 fxe4+ 36. Rxe4 Rg8 37. Ra4 Rd8 38. Rxa6 Rd1 39. Be3 Be5 40. Rc6 Ra1 41. Ke4 Bh8 42. Bd4 Re1+ 43. Kd3 Rd1+ 44. Kxc3 Rc1+ 45. Kd3 Rxc6 46. Bxh8 Rg6 47. Ke2 Rxg2 48. Kf1 Rg4 49. Be5 Ke6 50. Bh2 Kd5 51. f3 Rg6 52. Kf2 h3 53. Bg3 Kc5 54. f4 Kd4 55. Kf3 Kd3 56. f5 Rg8 57. f6 Rf8 58. Kg4 Rxf6 59. Kxh3 Ra6 60. b4 Rxa2 61. Bd6 1/2-1/2

[Event "Florianopolis op-C"]
[Site "Florianopolis"]
[Date "2023.09.23"]
[Round "3"]
[White "Nagel, Yasmin Da Silva"]
[Black "Melo, Sergio Roberto Samp"]
[Result "1/2-1/2"]
[WhiteElo "1493"]
[BlackElo "1549"]
[PlyCount "78"]
[EventDate "2023.09.22"]
[EventType "swiss"]
[EventRounds "6"]
[EventCountry "BRA"]
[SourceTitle "CBM 216 Extra"]
[Source "ChessBase"]
[SourceDate "2023.11.30"]
[SourceVersion "1"]
[SourceVersionDate "2023.11.30"]
[SourceQuality "1"]

1. e4 e6 2. d4 d5 3. Nc3 Bb4 4. e5 c5 5. f4 cxd4 6. Qxd4 Nc6 7. Bb5 Qb6 8. Qxb4 Bd7 9. Qd6 d4 10. Bxc6 Bxc6 11. Nf3 dxc3 12. bxc3 Bxf3 13. Qxb6 axb6 14. gxf3 Ne7 15. 0-0 Nf5 16. a3 Kd7 17. Rb1 Kc6 18. Re1 Rhd8 19. Kf2 Rd5 20. Re4 Rc5 21. Reb4 Ra6 22. c4 Rca5 23. R1b3 Nd4 24. Rc3 Nf5 25. Rd3 Ra4 26. c3 R4a5 27. Rd8 Ra8 28. Rd2 h5 29. Rdb2 R8a6 30. Rd2 Kc7 31. Rb5 Ra4 32. Rb4 R4a5 33. Rb5 Ra8 34. Rd1 g6 35. Ke2 Kc6 36. Bb2 Kc7 37. Bc1 Ra4 38. Rb4 R4a5 39. Rb5 Ra4 1/2-1/2

[Event "Florianopolis op-B 04"]
[Site "Florianopolis"]
[Date "2023.04.29"]
[Round "2"]
[White "Melo, Sergio Roberto Samp"]
[Black "De Abreu, Wiliam"]
[Result "1-0"]
[WhiteElo "1553"]
[BlackElo "1263"]
[PlyCount "91"]
[EventDate "2023.04.28"]
[EventType "swiss"]
[EventRounds "6"]
[EventCountry "BRA"]
[SourceTitle "CBM 214 Extra"]
[Source "ChessBase"]
[SourceDate "2023.07.31"]
[SourceVersion "1"]
[SourceVersionDate "2023.07.31"]
[SourceQuality "1"]

1. Nf3 c5 2. c4 Nf6 3. g3 g6 4. b3 Bg7 5. Bb2 0-0 6. Bg2 d6 7. 0-0 Nc6 8. d3 Qc7 9. Nc3 a6 10. e3 e6 11. Qe2 b6 12. Rad1 Bb7 13. d4 cxd4 14. exd4 Ne7 15. Rfe1 Rfe8 16. Rd2 d5 17. Na4 dxc4 18. bxc4 Nd7 19. Rc2 Qd6 20. c5 bxc5 21. dxc5 Qc6 22. Nh4 Qxa4 23. Bxb7 Ra7 24. Bxg7 Kxg7 25. c6 Nb8 26. Rc4 Qb5 27. Qe5+ Qxe5 28. Rxe5 a5 29. Rb5 Nexc6 30. Bxc6 Rc8 31. Bd5 Rd8 32. Bf3 Nd7 33. Ra4 Rb8 34. Rxb8 Nxb8 35. Ng2 f5 36. Ne3 Nd7 37. Nc4 Nc5 38. Rxa5 Rxa5 39. Nxa5 Kf6 40. Nc4 Ke7 41. Bc6 Kd8 42. Ne5 Kc7 43. f4 Na6 44. Bb5 Nc5 45. Bc4 Kb6 46. Nd3 1-0

[Event "Florianopolis op 9th"]
[Site "Florianopolis"]
[Date "2023.01.27"]
[Round "7"]
[White "Barbosa, Rafael Santos"]
[Black "Melo, Sergio Roberto Samp"]
[Result "1-0"]
[WhiteElo "1816"]
[BlackElo "1580"]
[PlyCount "49"]
[EventDate "2023.01.23"]
[EventType "swiss"]
[EventRounds "10"]
[EventCountry "BRA"]
[SourceTitle "CBM 212 Extra"]
[Source "ChessBase"]
[SourceDate "2023.03.31"]
[SourceVersion "1"]
[SourceVersionDate "2023.03.31"]
[SourceQuality "1"]

1. d4 Nf6 2. c4 e5 3. dxe5 Ng4 4. Nf3 Nc6 5. Bg5 Be7 6. Bxe7 Qxe7 7. Nc3 Ngxe5 8. Nd5 Nxf3+ 9. gxf3 Qd8 10. Rg1 0-0 11. Qd2 d6 12. 0-0-0 Ne5 13. Qc3 Ng6 14. f4 f6 15. Qg3 c6 16. Nc3 f5 17. e3 Qf6 18. Bd3 a5 19. Qg5 Be6 20. h4 Nxh4 21. Qg3 Ng6 22. Ne2 a4 23. a3 Qf7 24. Nd4 Ne7 25. Nxe6 1-0

[Event "Florianopolis Autumn op U1800"]
[Site "Florianopolis"]
[Date "2022.05.15"]
[Round "5"]
[White "Melo, Sergio Roberto Samp"]
[Black "Da Silva, Joao Carlos Orguim"]
[Result "0-1"]
[WhiteElo "1628"]
[BlackElo "1781"]
[PlyCount "120"]
[EventDate "2022.05.13"]
[EventType "swiss"]
[EventRounds "6"]
[EventCountry "BRA"]
[SourceTitle "CBM 208 Extra"]
[Source "ChessBase"]
[SourceDate "2022.07.31"]
[SourceVersion "1"]
[SourceVersionDate "2022.07.31"]
[SourceQuality "1"]

1. Nf3 d5 2. b3 c5 3. e3 Nc6 4. Bb2 f6 5. d4 e6 6. Nbd2 b6 7. Bb5 Bd7 8. 0-0 Bd6 9. Re1 Nge7 10. e4 Nxd4 11. Bxd7+ Qxd7 12. Nxd4 cxd4 13. exd5 e5 14. Qf3 Bb4 15. c3 dxc3 16. Bxc3 Bxc3 17. Qxc3 Nxd5 18. Qf3 0-0 19. Rad1 Rad8 20. Nc4 Qf7 21. Rd2 Rd7 22. Red1 Rfd8 23. h3 h6 24. Qg4 h5 25. Qf3 g6 26. h4 Kg7 27. Qh3 b5 28. Ne3 f5 29. Nxd5 Rxd5 30. Rxd5 Rxd5 31. Rxd5 Qxd5 32. Qc3 Qd4 33. Qc7+ Kh6 34. Qe7 e4 35. Qg5+ Kh7 36. Qe7+ Qg7 37. Qc5 Qd7 38. b4 Kg7 39. Qe5+ Kf7 40. Qh8 Ke6 41. Qg8+ Kf6 42. Qh8+ Qg7 43. Qd8+ Qe7 44. Qh8+ Ke6 45. Qg8+ Ke5 46. Qxg6 Qxb4 47. Qe8+ Kf6 48. Qh8+ Ke6 49. Qc8+ Ke5 50. Qb8+ Kd4 51. Qxa7+ Qc5 52. Qd7+ Kc3 53. Qd1 Kb2 54. Qe2+ Kb1 55. Kh2 b4 56. Kg3 Qe5+ 57. Kh3 Qb2 58. Qd1+ Kxa2 59. Qa4+ Qa3+ 60. Qxa3+ bxa3 0-1

[Event "Florianopolis Autumn op U1800"]
[Site "Florianopolis"]
[Date "2022.05.13"]
[Round "1"]
[White "Prado, Beatriz Bruns"]
[Black "Melo, Sergio Roberto Samp"]
[Result "0-1"]
[WhiteElo "1091"]
[BlackElo "1628"]
[PlyCount "90"]
[EventDate "2022.05.13"]
[EventType "swiss"]
[EventRounds "6"]
[EventCountry "BRA"]
[SourceTitle "CBM 208 Extra"]
[Source "ChessBase"]
[SourceDate "2022.07.31"]
[SourceVersion "1"]
[SourceVersionDate "2022.07.31"]
[SourceQuality "1"]

1. d4 Nf6 2. c4 e5 3. e3 exd4 4. exd4 d5 5. Nd2 Nc6 6. Ngf3 Be7 7. g3 0-0 8. Bg2 Bg4 9. 0-0 Nxd4 10. Nb3 Nxf3+ 11. Bxf3 Bxf3 12. Qxf3 c6 13. Nd2 Re8 14. b3 Bb4 15. Qd3 Bxd2 16. Qxd2 dxc4 17. bxc4 Qxd2 18. Bxd2 Re2 19. Be3 Ng4 20. Bf4 Rae8 21. c5 Rc2 22. Bd6 Ree2 23. Rae1 Rxa2 24. Rxe2 Rxe2 25. h3 Nf6 26. g4 b5 27. Ra1 h6 28. Rxa7 Nd5 29. Ra6 b4 30. Rxc6 b3 31. Rc8+ Kh7 32. Rb8 b2 33. Kf1 Rc2 34. Kg2 Nc3 35. c6 b1Q 36. Rxb1 Nxb1 37. c7 Rc6 38. Bf4 Na3 39. h4 Nb5 40. g5 h5 41. Kh3 Nxc7 42. Bxc7 Rxc7 43. f3 Kg6 44. Kg3 Kf5 45. f4 Rc3+ 0-1

[Event "Sao Jose dos Campos op"]
[Site "Sao Jose dos Campos"]
[Date "2021.10.11"]
[Round "4"]
[White "Melo, Sergio Roberto Samp"]
[Black "Fernandini, Felipe Piacente"]
[Result "1-0"]
[WhiteElo "1636"]
[BlackElo "1325"]
[PlyCount "74"]
[EventDate "2021.10.09"]
[EventType "swiss"]
[EventRounds "7"]
[EventCountry "BRA"]
[SourceTitle "CBM 204 Extra"]
[Source "ChessBase"]
[SourceDate "2021.11.30"]
[SourceVersion "1"]
[SourceVersionDate "2021.11.30"]
[SourceQuality "1"]

1. Nf3 Nf6 2. b3 g6 3. Bb2 Bg7 4. c4 c5 5. g3 b6 6. Bg2 Bb7 7. 0-0 0-0 8. d3 d6 9. Nc3 Na6 10. e3 Rb8 11. Qe2 Nc7 12. Rad1 Qe8 13. d4 cxd4 14. exd4 e6 15. Rfe1 Qc8 16. Rc1 Re8 17. Ba3 e5 18. Qc2 exd4 19. Nxd4 Bxg2 20. Kxg2 Qb7+ 21. Nf3 d5 22. Nxd5 Ncxd5 23. cxd5 Qxd5 24. Red1 Qa5 25. Bb2 Qa6 26. Be5 Rbc8 27. Qb2 Rxc1 28. Rxc1 Nh5 29. Bxg7 Nxg7 30. a4 h5 31. Qc3 Qb7 32. Qc6 Qa6 33. Rc4 Qa5 34. Re4 Rxe4 35. Qxe4 b5 36. Qa8+ Kh7 37. Ng5+ Kh6 1-0

[Event "Sao Jose dos Campos op 3rd"]
[Site "Sao Jose dos Campos"]
[Date "2021.08.21"]
[Round "3"]
[White "Manes, Paulo Roberto Mathi"]
[Black "Melo, Sergio Roberto Samp"]
[Result "0-1"]
[WhiteElo "1800"]
[BlackElo "1619"]
[PlyCount "38"]
[EventDate "2021.08.21"]
[EventType "swiss"]
[EventRounds "5"]
[EventCountry "BRA"]
[SourceTitle "CBM 204 Extra"]
[Source "ChessBase"]
[SourceDate "2021.11.30"]
[SourceVersion "1"]
[SourceVersionDate "2021.11.30"]
[SourceQuality "1"]

1. d4 Nf6 2. c4 e5 3. dxe5 Ng4 4. Nf3 Nc6 5. Bg5 Be7 6. Bxe7 Qxe7 7. Nc3 Ncxe5 8. Nxe5 Nxe5 9. Nd5 Qd8 10. Qd4 f6 11. f4 Nc6 12. Qc5 d6 13. Qe3+ Kf7 14. Qg3 Re8 15. e3 Ne7 16. Kf2 Nf5 17. Qf3 c6 18. e4 cxd5 19. exd5 Qb6+ 0-1

[Event "Sao Jose dos Campos op 3rd"]
[Site "Sao Jose dos Campos"]
[Date "2021.08.21"]
[Round "2"]
[White "Melo, Sergio Roberto Samp"]
[Black "De Freitas, Isabella Ribeiro Co"]
[Result "0-1"]
[WhiteElo "1619"]
[BlackElo "1862"]
[PlyCount "80"]
[EventDate "2021.08.21"]
[EventType "swiss"]
[EventRounds "5"]
[EventCountry "BRA"]
[SourceTitle "CBM 204 Extra"]
[Source "ChessBase"]
[SourceDate "2021.11.30"]
[SourceVersion "1"]
[SourceVersionDate "2021.11.30"]
[SourceQuality "1"]

1. Nf3 g6 2. c4 c5 3. Nc3 Bg7 4. g3 Nf6 5. Bg2 0-0 6. 0-0 Nc6 7. d4 cxd4 8. Nxd4 Nxd4 9. Qxd4 d6 10. Qd1 Rb8 11. Bd2 Be6 12. b3 Qd7 13. Rc1 Bh3 14. e3 Bxg2 15. Kxg2 d5 16. cxd5 Nxd5 17. e4 Nxc3 18. Bxc3 Rfd8 19. Bxg7 Kxg7 20. Qxd7 Rxd7 21. Rfd1 Rbd8 22. Rxd7 Rxd7 23. Rc2 Kf6 24. Kf3 b6 25. Ke3 Kg5 26. h3 e5 27. Rc6 h5 28. h4+ Kg4 29. a4 Kh3 30. a5 bxa5 31. Rc5 Rb7 32. Rxe5 Rxb3+ 33. Kf4 Kg2 34. Rxa5 f6 35. e5 Rf3+ 36. Ke4 fxe5 37. Rxa7 Kxf2 38. Ra2+ Kxg3 39. Kxe5 Kxh4 40. Ke4 Rg3 0-1

[Event "Timbo op"]
[Site "Timbo"]
[Date "2021.06.11"]
[Round "1"]
[White "Viliczinski, Maria Luiza"]
[Black "Melo, Sergio Roberto Samp"]
[Result "0-1"]
[WhiteElo "1044"]
[BlackElo "1640"]
[PlyCount "40"]
[EventDate "2021.06.11"]
[EventType "swiss"]
[EventRounds "6"]
[EventCountry "BRA"]
[SourceTitle "EXT 2022"]
[Source "ChessBase"]
[SourceDate "2021.10.06"]
[SourceVersion "1"]
[SourceVersionDate "2021.10.06"]
[SourceQuality "1"]

1. d4 Nf6 2. c4 e5 3. Nc3 exd4 4. Qxd4 Be7 5. Bg5 Nc6 6. Qd1 0-0 7. e3 h6 8. Bf4 d6 9. Bd3 Ne5 10. Nf3 Bg4 11. Be2 Bxf3 12. Bxf3 c6 13. 0-0 Nxc4 14. Qb3 Na5 15. Qc2 d5 16. Rad1 Bd6 17. Bxd6 Qxd6 18. e4 Qc5 19. e5 Ne4 20. Nxe4 Qxc2 0-1

[Event "Sao Bento do Sul op 05"]
[Site "Sao Bento do Sul"]
[Date "2021.05.09"]
[Round "5"]
[White "Deobrochinski, Valentina Hinke"]
[Black "Melo, Sergio Roberto Samp"]
[Result "1-0"]
[WhiteElo "1306"]
[BlackElo "1673"]
[PlyCount "87"]
[EventDate "2021.05.07"]
[EventType "swiss"]
[EventRounds "6"]
[EventCountry "BRA"]
[SourceTitle "EXT 2022"]
[Source "ChessBase"]
[SourceDate "2021.10.06"]
[SourceVersion "1"]
[SourceVersionDate "2021.10.06"]
[SourceQuality "1"]

1. d4 Nf6 2. c4 e6 3. Nc3 Bb4 4. Bd2 0-0 5. e3 d5 6. f4 Bxc3 7. Bxc3 Ne4 8. Nf3 Nxc3 9. bxc3 c6 10. Bd3 Nd7 11. 0-0 Qa5 12. Qc2 f5 13. Ne5 Nxe5 14. fxe5 Bd7 15. Rf3 b5 16. c5 Rab8 17. g4 g6 18. Raf1 Kg7 19. Rg3 Kh8 20. Rgf3 Rg8 21. Rg3 Qa3 22. Qb3 Qa5 23. Rg2 Rbf8 24. h4 fxg4 25. Rxg4 Rxf1+ 26. Kxf1 Rf8+ 27. Ke2 Rf7 28. Bb1 Qd8 29. Qc2 Qf8 30. Rg2 Qh6 31. Rh2 Qh5+ 32. Ke1 Qf3 33. Qg2 Qxg2 34. Rxg2 Rf3 35. Ke2 Rh3 36. Rg4 Rh2+ 37. Kd3 Rb2 38. Rg1 Be8 39. Rf1 Kg7 40. e4 g5 41. hxg5 Bh5 42. Ke3 Rg2 43. exd5 exd5 44. e6 1-0

[Event "Sao Jose dos Campos IRT op"]
[Site "Sao Jose dos Campos"]
[Date "2020.12.18"]
[Round "2"]
[White "Melo, Sergio Roberto Samp"]
[Black "Costa, Lucas Paiva Da"]
[Result "1/2-1/2"]
[WhiteElo "1736"]
[BlackElo "1323"]
[PlyCount "85"]
[EventDate "2020.12.18"]
[EventType "swiss"]
[EventRounds "5"]
[EventCountry "BRA"]
[SourceTitle "EXT 2022"]
[Source "ChessBase"]
[SourceDate "2021.10.06"]
[SourceVersion "1"]
[SourceVersionDate "2021.10.06"]
[SourceQuality "1"]

1. Nf3 Nf6 2. b3 g6 3. Bb2 c5 4. c4 Bg7 5. g3 0-0 6. Bg2 Nc6 7. 0-0 d6 8. d3 a6 9. Nc3 Rb8 10. d4 cxd4 11. Nxd4 Nxd4 12. Qxd4 Nd7 13. Qd2 Ne5 14. Nd5 Be6 15. Rac1 Bxd5 16. Bxd5 b5 17. cxb5 axb5 18. Rc2 Qd7 19. Rfc1 Rfc8 20. Kg2 e6 21. Bxe5 Rxc2 22. Qxc2 Bxe5 23. Bf3 b4 24. Bc6 Qa7 25. Ba4 Qd4 26. Qc4 Qxc4 27. Rxc4 d5 28. Rc6 Kf8 29. Kf3 Ke7 30. Ke3 Rb7 31. Kd3 Rc7 32. Rxc7+ Bxc7 33. e4 Bb6 34. f3 Kd6 35. exd5 exd5 36. Be8 f6 37. Bf7 g5 38. h4 h6 39. hxg5 hxg5 40. g4 Ke5 41. Bg8 Bc5 42. Bf7 Bd6 43. Bg8 1/2-1/2